000 00324nam a2200109Ia 4500
008 200302s9999 xx 000 0 und d
100 _aEdmundo werna and Others
245 _aCorporate social responsibility and urban development lessons from the south
260 _bMacmillan Publishers Ltd.,
260 _c2009
300 _a245
999 _c6254
_d6254